[Event "Continental Class Ch."]
[Site "Arlington, VA"]
[Date "2011.10.07"]
[Round "3"]
[White "Strenzwilk, Denis"]
[Black "Gisclan, Heverton"]
[Result "0-1"]
[WhiteElo "2024"]
[BlackElo "2250"]
[PlyCount "128"]
[EventDate "2011.10.??"]
[EventType "swiss"]
[EventRounds "9"]
[EventCountry "USA"]

1. e4 e5 2. Nf3 Nc6 3. Bb5 a6 4. Ba4 Nf6 5. O-O Be7 6. Re1 b5 7. Bb3 O-O 8. a4
b4 9. d3 d6 10. Nbd2 Na5 11. Ba2 c5 12. Nc4 Nc6 13. c3 Rb8 14. h3 Ne8 15. d4
Qc7 16. dxc5 dxc5 17. Ne3 Kh8 18. Nd5 Qb7 19. Be3 b3 20. Bb1 Be6 21. Bd3 Rd8
22. Qe2 a5 23. Nxe7 Qxe7 24. Bb5 Nb8 25. Rad1 Rxd1 26. Rxd1 f6 27. Qd2 Nc7 28.
Qd6 Qxd6 29. Rxd6 Nxb5 30. axb5 Bd7 31. Bxc5 Rc8 32. Ba3 Bxb5 33. Rd5 Bc6 34.
Rxa5 Bxe4 35. Nd2 Bc2 36. Ra8 Rg8 37. Kf1 Nc6 38. Rxg8+ Kxg8 39. Ke2 Kf7 40.
Nc4 Ke6 41. Ne3 Bb1 42. Kd2 f5 43. Kc1 Bd3 44. Kd2 Ba6 45. f3 f4 46. Nd1 Bf1
47. Nf2 Bxg2 48. Ne4 Kd5 49. Ke2 Bxh3 50. Nd2 Na5 51. Bb4 Nc4 52. Nxb3 Nxb2 53.
Nd2 Bf5 54. Bf8 g5 55. Bh6 g4 56. fxg4 Bxg4+ 57. Kf2 Nd3+ 58. Kg2 e4 59. c4+
Ke5 60. Bg7+ Kf5 61. Nb3 e3 62. Bc3 f3+ 63. Kg3 f2 64. Nd4+ Kg5 0-1

[Event "Continental Class Ch."]
[Site "Arlington, VA"]
[Date "2011.10.07"]
[Round "3"]
[White "Velikanov, Alexander"]
[Black "Sarkar, Justin"]
[Result "0-1"]
[WhiteElo "2118"]
[BlackElo "2379"]
[PlyCount "46"]
[EventDate "2011.10.??"]
[EventType "swiss"]
[EventRounds "9"]
[EventCountry "USA"]

1. e4 c5 2. Nf3 e6 3. d4 cxd4 4. Nxd4 Nf6 5. Nc3 Bb4 6. Bd3 e5 7. Nb3 d5 8.
exd5 Nxd5 9. Bd2 Nxc3 10. bxc3 Bd6 11. O-O O-O 12. c4 Qc7 13. Qe1 Na6 14. Qe4
f5 15. Qd5+ Kh8 16. Ba5 Qe7 17. f3 Be6 18. Qb5 e4 19. fxe4 fxe4 20. Be2 Qh4 21.
Qh5 Bxh2+ 22. Kh1 Qxh5 23. Bxh5 Be5 0-1

[Event "Continental Class Ch."]
[Site "Arlington, VA"]
[Date "2011.10.07"]
[Round "3"]
[White "Yanayt, Eugene"]
[Black "Bierkens, Pieter"]
[Result "1-0"]
[WhiteElo "2214"]
[BlackElo "2154"]
[PlyCount "85"]
[EventDate "2011.10.??"]
[EventType "swiss"]
[EventRounds "9"]
[EventCountry "USA"]

1. d4 d5 2. c4 Nc6 3. Nf3 Bg4 4. cxd5 Bxf3 5. dxc6 Bxc6 6. Nc3 Nf6 7. f3 e6 8.
e4 Bb4 9. Be3 Nh5 10. Bc4 O-O 11. O-O Nf6 12. Qc2 Qd7 13. Rfd1 Bxc3 14. Qxc3
Bb5 15. Bb3 Ba4 16. Bxa4 Qxa4 17. Qxc7 Rfc8 18. Qe7 Qb5 19. Rd2 Rc4 20. Qa3
Rac8 21. Qd3 Rc1+ 22. Rxc1 Rxc1+ 23. Kf2 Qh5 24. Bf4 g5 25. Bg3 g4 26. Rc2 Qh6
27. Qd2 Qxd2+ 28. Rxd2 gxf3 29. gxf3 Kf8 30. Ke3 Ke8 31. Kd3 Nh5 32. Bb8 Rc8
33. Bxa7 Ra8 34. Bc5 Rxa2 35. Rc2 Ra1 36. Bd6 Kd7 37. Be5 f6 38. Bb8 Rd1+ 39.
Ke3 Re1+ 40. Kd2 Rb1 41. Rc7+ Kd8 42. Rxh7 Kc8 43. Rh8+ 1-0

[Event "Continental Class Ch."]
[Site "Arlington, VA"]
[Date "2011.10.08"]
[Round "4"]
[White "Adu, Oladapo"]
[Black "Gulamali, Kazim"]
[Result "0-1"]
[WhiteElo "2278"]
[BlackElo "2350"]
[PlyCount "66"]
[EventDate "2011.10.??"]
[EventType "swiss"]
[EventRounds "9"]
[EventCountry "USA"]

1. e4 c5 2. Nf3 d6 3. d4 cxd4 4. Qxd4 a6 5. Be3 Nf6 6. Nc3 Nc6 7. Qd2 e6 8.
O-O-O Qc7 9. Bd3 Be7 10. h3 O-O 11. Nd4 Ne5 12. f4 Nc4 13. Qe2 Nxe3 14. Qxe3
Nd7 15. g4 Nc5 16. g5 b5 17. f5 Re8 18. f6 Bf8 19. h4 b4 20. Nce2 e5 21. Nb3
Be6 22. Kb1 Rec8 23. fxg7 Bxg7 24. Ng3 a5 25. h5 Nxd3 26. Qxd3 a4 27. Nc1 b3
28. Rh2 bxa2+ 29. Nxa2 Rab8 30. Ka1 d5 31. Nc3 a3 32. exd5 axb2+ 33. Kb1 Qxc3
0-1

[Event "Continental Class Ch."]
[Site "Arlington, VA"]
[Date "2011.10.08"]
[Round "4"]
[White "Betaneli, Aleksandr"]
[Black "Romanenko, Vladimir"]
[Result "1/2-1/2"]
[WhiteElo "2255"]
[BlackElo "2471"]
[PlyCount "147"]
[EventDate "2011.10.??"]
[EventType "swiss"]
[EventRounds "9"]
[EventCountry "USA"]

1. e4 c5 2. b3 e6 3. Nf3 Nc6 4. Bb2 d5 5. exd5 exd5 6. Bb5 Nf6 7. Qe2+ Be7 8.
Ne5 Qd6 9. Nxc6 bxc6 10. Be5 Qe6 11. Bd3 O-O 12. O-O Re8 13. Re1 Bd7 14. Bg3
Qxe2 15. Rxe2 Bf8 16. Rxe8 Rxe8 17. Nc3 Nh5 18. Kf1 Nxg3+ 19. hxg3 g6 20. Re1
Rxe1+ 21. Kxe1 Kg7 22. Nd1 h5 23. c4 Kf6 24. Nc3 Be6 25. Ne2 Bd6 26. f3 g5 27.
Kf2 Bc7 28. Ke1 Ke5 29. Kd1 Kd6 30. Ke1 Ba5 31. Kd1 Bd8 32. Ke1 Kc7 33. f4 f6
34. Nc3 a5 35. Be2 Bf7 36. Kf2 Kd6 37. Nd1 Bg6 38. Nc3 d4 39. Na4 Bb1 40. fxg5
fxg5 41. Nb2 Bxa2 42. Bd1 Bb1 43. Ke2 Be4 44. d3 Bf5 45. Kf2 g4 46. Bc2 Bg5 47.
Nd1 Bc1 48. Ke2 Ke5 49. Nf2 Bg5 50. Ne4 Be7 51. Bb1 Ke6 52. Bc2 Kd7 53. Bb1 Kc7
54. Bc2 Kb6 55. Kf2 a4 56. bxa4 Ka5 57. Ke2 Kb4 58. Kd2 Bxe4 59. dxe4 Kxc4 60.
e5 Kd5 61. Bg6 c4 62. Bf7+ Kc5 63. a5 Bg5+ 64. Kd1 c3 65. Kc2 h4 66. gxh4 Bxh4
67. a6 Kb6 68. Bc4 g3 69. e6 Be7 70. Kd3 Bc5 71. Kc2 Kc7 72. Kd3 Kd6 73. Kc2
Ba7 74. Kd3 1/2-1/2

[Event "Continental Class Ch."]
[Site "Arlington, VA"]
[Date "2011.10.08"]
[Round "4"]
[White "Bierkens, Pieter"]
[Black "Strenzwilk, Denis"]
[Result "1-0"]
[WhiteElo "2154"]
[BlackElo "2024"]
[PlyCount "95"]
[EventDate "2011.10.??"]
[EventType "swiss"]
[EventRounds "9"]
[EventCountry "USA"]

1. e4 e5 2. Nc3 Nf6 3. f4 d5 4. exd5 e4 5. d3 Bb4 6. Bd2 e3 7. Bxe3 O-O 8. Be2
Nxd5 9. Bd2 Nc6 10. Nxd5 Qxd5 11. Nf3 Bg4 12. O-O Rfe8 13. Bxb4 Nxb4 14. c3 Nc6
15. d4 Qe4 16. Bc4 Re7 17. Qd2 Bxf3 18. Rxf3 Rae8 19. Raf1 Na5 20. Bd3 Qd5 21.
b3 c5 22. dxc5 Qxc5+ 23. Kh1 Nc6 24. b4 Qb6 25. Bc4 Qc7 26. Bd3 Qd8 27. Qf2 Re6
28. b5 Ne7 29. Qxa7 b6 30. Bc4 Nc8 31. Qa8 R6e7 32. Qd5 Qc7 33. Bb3 Rd8 34. Qg5
Rd6 35. f5 Rf6 36. Rg3 Qxg3 37. Qxg3 Nd6 38. h3 h6 39. Qd3 Kh7 40. Bd5 Ne8 41.
c4 Kg8 42. g4 Rd6 43. h4 Red7 44. g5 hxg5 45. hxg5 Nc7 46. Qe4 Nxd5 47. Qe8+
Kh7 48. Rf2 1-0

[Event "Continental Class Ch."]
[Site "Arlington, VA"]
[Date "2011.10.08"]
[Round "4"]
[White "Burnett, Ronald"]
[Black "Bartholomew, John"]
[Result "1/2-1/2"]
[WhiteElo "2358"]
[BlackElo "2442"]
[PlyCount "86"]
[EventDate "2011.10.??"]
[EventType "swiss"]
[EventRounds "9"]
[EventCountry "USA"]

1. c4 Nf6 2. Nf3 c6 3. d4 d5 4. Qc2 dxc4 5. Qxc4 Bg4 6. Ng5 e6 7. f3 Bh5 8. e4
Be7 9. Nh3 Nbd7 10. Be3 e5 11. Nd2 Qa5 12. a3 exd4 13. Bxd4 O-O 14. Qc3 Qxc3
15. Bxc3 Bd6 16. O-O-O Rfd8 17. g4 Bg6 18. Nc4 Bc7 19. Nf2 Ne8 20. Be2 f6 21.
Na5 Nc5 22. Kc2 Bf7 23. Nd3 Nxd3 24. Bxd3 Nd6 25. g5 fxg5 26. Rdg1 Bxa5 27.
Bxa5 b6 28. Bc3 Bc4 29. Bxc4+ Nxc4 30. Rxg5 Rd7 31. Rhg1 g6 32. h4 Rf8 33. R1g3
Ne3+ 34. Kb3 Nf1 35. Rh3 Rd3 36. h5 Nd2+ 37. Kc2 Rdxf3 38. Rxf3 Nxf3 39. Rg3 g5
40. h6 Nh4 41. Rxg5+ Ng6 42. Kd3 Rf3+ 43. Kd2 Kf7 1/2-1/2

[Event "Continental Class Ch."]
[Site "Arlington, VA"]
[Date "2011.10.08"]
[Round "4"]
[White "Denton, Bradley"]
[Black "Colas, Joshua"]
[Result "1-0"]
[WhiteElo "2304"]
[BlackElo "2040"]
[PlyCount "65"]
[EventDate "2011.10.??"]
[EventType "swiss"]
[EventRounds "9"]
[EventCountry "USA"]

1. d4 d5 2. c4 c6 3. Nf3 Nf6 4. Nc3 e6 5. Bg5 h6 6. Bh4 dxc4 7. e4 g5 8. Bg3 b5
9. Be2 b4 10. Na4 Nxe4 11. Be5 Nf6 12. Nc5 Bg7 13. Bxc4 O-O 14. Qc2 Re8 15. h4
g4 16. Ng5 Nbd7 17. Nxf7 Kxf7 18. Nxe6 Rxe6 19. Bxe6+ Kxe6 20. Qxc6+ Kf5 21.
Qxa8 Nxe5 22. dxe5 Ne4 23. O-O Nd2 24. Rfc1 g3 25. Qxc8+ Qxc8 26. Rxc8 gxf2+
27. Kxf2 Bxe5 28. Rd1 Ne4+ 29. Kf3 Nf6 30. Rc5 Ke6 31. Re1 Nd7 32. Rcxe5+ Nxe5+
33. Kf4 1-0

[Event "Continental Class Ch."]
[Site "Arlington, VA"]
[Date "2011.10.08"]
[Round "4"]
[White "Friedel, Joshua E"]
[Black "Tegshsuren, Enkhbat"]
[Result "0-1"]
[WhiteElo "2518"]
[BlackElo "2370"]
[PlyCount "76"]
[EventDate "2011.10.??"]
[EventType "swiss"]
[EventRounds "9"]
[EventCountry "USA"]

1. e4 c6 2. d4 d5 3. e5 Bf5 4. Nd2 e6 5. Nb3 Nd7 6. Nf3 Ne7 7. Be2 Nc8 8. O-O
Be7 9. a4 O-O 10. a5 a6 11. Be3 Na7 12. c4 dxc4 13. Bxc4 Nb5 14. Bd3 Bxd3 15.
Qxd3 Nc7 16. Rfd1 Nd5 17. Nfd2 f6 18. exf6 Bxf6 19. Nc4 e5 20. Nc5 Nxc5 21.
dxc5 Qe7 22. Nd6 Rad8 23. Qb3 Rd7 24. Ne4 Kh8 25. Rd2 Qf7 26. Rad1 Qg6 27. f3
Bd8 28. Nd6 Nxe3 29. Qxe3 Bg5 30. Qxe5 Re7 31. Qc3 Bxd2 32. Qxd2 Rxf3 33. Nxb7
h6 34. Qd6 Re6 35. Qd2 Rfe3 36. Qf2 Re2 37. Qf3 R6e3 38. Qf1 Qc2 0-1

[Event "Continental Class Ch."]
[Site "Arlington, VA"]
[Date "2011.10.08"]
[Round "4"]
[White "Kaufman, Larry C"]
[Black "Stancil, Kimani"]
[Result "1-0"]
[WhiteElo "2406"]
[BlackElo "2090"]
[PlyCount "111"]
[EventDate "2011.10.??"]
[EventType "swiss"]
[EventRounds "9"]
[EventCountry "USA"]

1. d4 Nf6 2. c4 e6 3. Nc3 Bb4 4. Qc2 Nc6 5. Nf3 d5 6. cxd5 exd5 7. Bf4 O-O 8.
e3 Nh5 9. Bg3 Bg4 10. Be2 g6 11. Bh4 Qd7 12. h3 Bf5 13. Qb3 Be4 14. O-O Kg7 15.
Nd2 Bxc3 16. Qxc3 Kh6 17. f3 Bf5 18. g4 g5 19. Bf2 Be6 20. gxh5 Bxh3 21. Rfe1
f5 22. Kh2 f4 23. e4 Rae8 24. Bb5 g4 25. fxg4 Bxg4 26. Rac1 Qf7 27. Nf3 Qxh5+
28. Nh4 dxe4 29. Bxc6 bxc6 30. Qxc6+ Re6 31. Qc5 Rf5 32. Qc4 Rff6 33. Qxc7 e3
34. Rc5 Qe8 35. Bg1 Rf7 36. Qa5 Qb8 37. Kh1 Qxb2 38. Qc3 Qb7+ 39. d5 Qe7 40.
Ng2 Rg6 41. d6 Qxd6 42. Rxe3 Rf5 43. Rh3+ Kg5 44. Rxf5+ Bxf5 45. Rh2 Be4 46.
Qe1 Qe5 47. Rh5+ Kf6 48. Rxe5 Kxe5 49. Qc3+ Kf5 50. Qc8+ Ke5 51. Qc7+ Kd5 52.
Qd7+ Rd6 53. Qf7+ Ke5 54. Qxf4+ Kd5 55. Qf7+ Re6 56. Kh2 1-0

[Event "Continental Class Ch."]
[Site "Arlington, VA"]
[Date "2011.10.08"]
[Round "4"]
[White "Kudrin, Sergey"]
[Black "Yanayt, Eugene"]
[Result "1-0"]
[WhiteElo "2530"]
[BlackElo "2214"]
[PlyCount "51"]
[EventDate "2011.10.??"]
[EventType "swiss"]
[EventRounds "9"]
[EventCountry "USA"]

1. e4 c5 2. Nf3 d6 3. d4 cxd4 4. Nxd4 Nf6 5. Nc3 a6 6. a4 e5 7. Nf3 Be7 8. Bc4
O-O 9. O-O Be6 10. Qe2 Qc8 11. Bb3 Nc6 12. Bg5 Bxb3 13. cxb3 Ne8 14. Be3 Qe6
15. Rfd1 h6 16. Nd5 Rc8 17. b4 f5 18. Rac1 Kh8 19. Qc4 fxe4 20. Qxe4 Nf6 21.
Qg6 e4 22. Nf4 Qf7 23. Nd4 Kg8 24. Nf5 Kh8 25. b5 axb5 26. axb5 1-0

[Event "Continental Class Ch."]
[Site "Arlington, VA"]
[Date "2011.10.08"]
[Round "4"]
[White "Paulina, David"]
[Black "Troff, Kayden"]
[Result "0-1"]
[WhiteElo "2044"]
[BlackElo "2293"]
[PlyCount "70"]
[EventDate "2011.10.??"]
[EventType "swiss"]
[EventRounds "9"]
[EventCountry "USA"]

1. e4 c5 2. Nc3 g6 3. f4 Bg7 4. Nf3 d6 5. Bc4 e6 6. d3 Nc6 7. Be3 Nge7 8. d4 d5
9. exd5 exd5 10. Bb5 Bg4 11. O-O O-O 12. Bxc6 Nxc6 13. Ne2 Re8 14. Ne5 cxd4 15.
Nxg4 dxe3 16. c3 d4 17. cxd4 Nxd4 18. Nxd4 Qxd4 19. Qe2 Qxb2 20. Rae1 Qxe2 21.
Rxe2 f5 22. Nxe3 Bd4 23. Kf2 Rxe3 24. Rxe3 Re8 25. Rfe1 g5 26. Kf3 g4+ 27. Kf2
h5 28. g3 Re4 29. R1e2 b5 30. Re1 b4 31. R1e2 a5 32. Re1 a4 33. R1e2 b3 34.
axb3 axb3 35. h3 Rxe3 0-1

[Event "Continental Class Ch."]
[Site "Arlington, VA"]
[Date "2011.10.08"]
[Round "4"]
[White "Ramirez Alvarez, Alejandro"]
[Black "Shabalov, Alexander"]
[Result "1-0"]
[WhiteElo "2594"]
[BlackElo "2529"]
[PlyCount "65"]
[EventDate "2011.10.??"]
[EventType "swiss"]
[EventRounds "9"]
[EventCountry "USA"]

1. e4 c5 2. Nf3 d6 3. d4 cxd4 4. Nxd4 Nf6 5. Nc3 a6 6. Be2 Nbd7 7. f4 e5 8. Nb3
b5 9. O-O Bb7 10. Qd3 Be7 11. a4 b4 12. Nd5 Nxd5 13. exd5 O-O 14. a5 Qc7 15.
Be3 Rac8 16. Rac1 Nf6 17. Bb6 Qd7 18. Bf3 Rfe8 19. Rfe1 Bd8 20. Bf2 Ng4 21. Bg3
Bf6 22. Be4 g6 23. f5 Bg5 24. Rcd1 Bf4 25. fxg6 hxg6 26. Bxf4 exf4 27. Bxg6 Ne3
28. Bh7+ Kg7 29. Nd4 Nxd1 30. Rxd1 Rc5 31. Nf5+ Kf8 32. Qh3 Re5 33. Bg6 1-0

[Event "Continental Class Ch."]
[Site "Arlington, VA"]
[Date "2011.10.08"]
[Round "4"]
[White "Rozman, Levy"]
[Black "Coleman, Teddy"]
[Result "0-1"]
[WhiteElo "2037"]
[BlackElo "2314"]
[PlyCount "90"]
[EventDate "2011.10.??"]
[EventType "swiss"]
[EventRounds "9"]
[EventCountry "USA"]

1. e4 c5 2. Nc3 e6 3. Nf3 a6 4. d4 cxd4 5. Nxd4 Qc7 6. g3 Bb4 7. Bd2 Nc6 8. Nb3
Nf6 9. Bg2 Be7 10. O-O d6 11. Qe2 b5 12. f4 Rb8 13. Rae1 b4 14. Nd1 O-O 15. Nf2
a5 16. e5 dxe5 17. fxe5 Nd7 18. Bf4 a4 19. Nd2 Nc5 20. Qg4 Rd8 21. Nfe4 Nxe4
22. Nxe4 Nxe5 23. Qh5 f5 24. Ng5 Bxg5 25. Qxg5 Qc5+ 26. Be3 Qf8 27. Qf4 Rb5 28.
Rd1 Ba6 29. Bd4 Ng6 30. Qe3 e5 31. Bb6 Rc8 32. Rf2 Qf6 33. Ba7 Bb7 34. Qd3 Bxg2
35. Qxb5 Be4 36. Qxa4 Qg5 37. Qb3+ Kh8 38. Qe3 Qg4 39. Rdf1 h5 40. Qe2 Qh3 41.
Be3 Rxc2 42. Qxc2 Bxc2 43. Rxc2 f4 44. Bf2 e4 45. gxf4 Qg4+ 0-1

[Event "Continental Class Ch."]
[Site "Arlington, VA"]
[Date "2011.10.08"]
[Round "4"]
[White "Santarius, Erik"]
[Black "Velikanov, Alexander"]
[Result "1-0"]
[WhiteElo "2316"]
[BlackElo "2118"]
[PlyCount "53"]
[EventDate "2011.10.??"]
[EventType "swiss"]
[EventRounds "9"]
[EventCountry "USA"]

1. e4 c5 2. Nf3 Nc6 3. Bb5 e6 4. O-O Nge7 5. Re1 a6 6. Bf1 d6 7. c3 Ng6 8. d4
cxd4 9. cxd4 Be7 10. d5 exd5 11. exd5 Nce5 12. Nd4 O-O 13. Nc3 Bg5 14. Bxg5
Qxg5 15. Ne4 Qe7 16. Qd2 f5 17. Ng5 f4 18. Nge6 Bxe6 19. Nxe6 Rf7 20. f3 Nf8
21. Nd4 Qh4 22. Rac1 g5 23. Bd3 g4 24. Nf5 Qh5 25. fxg4 Nxg4 26. Qxf4 Ng6 27.
Qxg4 1-0

[Event "Continental Class Ch."]
[Site "Arlington, VA"]
[Date "2011.10.08"]
[Round "4"]
[White "Sarkar, Justin"]
[Black "De Fotis, Gary"]
[Result "1-0"]
[WhiteElo "2379"]
[BlackElo "2021"]
[PlyCount "43"]
[EventDate "2011.10.??"]
[EventType "swiss"]
[EventRounds "9"]
[EventCountry "USA"]

1. d4 Nf6 2. c4 e6 3. Nc3 Bb4 4. Qc2 O-O 5. e4 c5 6. e5 cxd4 7. a3 Qa5 8. exf6
dxc3 9. axb4 Qxa1 10. fxg7 Kxg7 11. bxc3 Nc6 12. Nf3 Ne7 13. Bd3 Qa6 14. c5 Qc6
15. Qd2 Rh8 16. Qh6+ Kg8 17. Qf6 e5 18. Qxe7 Qe6 19. Qg5+ Kf8 20. Bf5 Qc4 21.
Qd8+ Kg7 22. Bh6+ 1-0

[Event "Continental Class Ch."]
[Site "Arlington, VA"]
[Date "2011.10.08"]
[Round "4"]
[White "Shahade, Greg"]
[Black "Kekelidze, Mikheil"]
[Result "1-0"]
[WhiteElo "2446"]
[BlackElo "2459"]
[PlyCount "75"]
[EventDate "2011.10.??"]
[EventType "swiss"]
[EventRounds "9"]
[EventCountry "USA"]

1. e4 c5 2. Nf3 e6 3. d4 cxd4 4. Nxd4 a6 5. Nc3 Qc7 6. Bd3 Nf6 7. O-O Nc6 8.
Nxc6 bxc6 9. Qf3 Bd6 10. Qh3 c5 11. f4 c4 12. Be2 Bb7 13. Bf3 e5 14. f5 O-O 15.
Kh1 Bb4 16. Bg5 Bxc3 17. Bxf6 gxf6 18. bxc3 Qc5 19. Qh4 Qe7 20. Rab1 Bc6 21.
Be2 Kh8 22. Bxc4 Rg8 23. Rf3 Rg7 24. Bxa6 d5 25. Bd3 Rag8 26. Rg3 Rxg3 27. hxg3
dxe4 28. Bxe4 Bxe4 29. Qxe4 Rxg3 30. Rb8+ Kg7 31. Kh2 Rg5 32. Qb4 Qxb4 33. cxb4
Rxf5 34. a4 Rf2 35. Rc8 e4 36. a5 e3 37. a6 Rf5 38. Re8 1-0

[Event "Continental Class Ch."]
[Site "Arlington, VA"]
[Date "2011.10.08"]
[Round "4"]
[White "Smarty, Sylvester"]
[Black "Bouzoukis, Charles"]
[Result "1/2-1/2"]
[WhiteElo "2104"]
[BlackElo "2212"]
[PlyCount "112"]
[EventDate "2011.10.??"]
[EventType "swiss"]
[EventRounds "9"]
[EventCountry "USA"]

1. c4 f5 2. g3 Nf6 3. Bg2 e6 4. b3 Be7 5. Bb2 O-O 6. Nf3 d6 7. Nc3 a5 8. O-O
Na6 9. d4 Qe8 10. Re1 Qh5 11. e4 fxe4 12. Nxe4 Nxe4 13. Rxe4 Bd7 14. Nd2 Qxd1+
15. Rxd1 Bf6 16. Bh3 Rfe8 17. Rde1 Kf7 18. a3 Re7 19. R4e3 Rae8 20. Ne4 Nb8 21.
f4 e5 22. Nxf6 gxf6 23. f5 exd4 24. Rxe7+ Rxe7 25. Rxe7+ Kxe7 26. Bxd4 Nc6 27.
Bc3 b6 28. Kf2 Ne5 29. Ke3 Bc6 30. g4 a4 31. Bxe5 dxe5 32. b4 Be8 33. Bg2 h5
34. h3 hxg4 35. hxg4 Kd6 36. Be4 Bf7 37. Bd3 Be8 38. Be4 Bf7 39. Kd3 Bg8 40.
Kc3 Bf7 41. Bc2 Be8 42. Bd1 Bd7 43. Bf3 Be8 44. Be4 Bf7 45. Bc2 Be8 46. Bd1 Bd7
47. b5 Kc5 48. Bxa4 Be8 49. Bc2 Bf7 50. Bd3 Bg8 51. a4 Bf7 52. Be2 Bg8 53. g5
fxg5 54. Bh5 Bxc4 55. f6 g4 56. Bxg4 Bf7 1/2-1/2

[Event "Continental Class Ch."]
[Site "Arlington, VA"]
[Date "2011.10.08"]
[Round "4"]
[White "Viswanadha, Kesav"]
[Black "Defibaugh, Jared"]
[Result "1-0"]
[WhiteElo "2078"]
[BlackElo "2178"]
[PlyCount "91"]
[EventDate "2011.10.??"]
[EventType "swiss"]
[EventRounds "9"]
[EventCountry "USA"]

1. e4 e5 2. Nf3 Nc6 3. Bb5 f5 4. Nc3 fxe4 5. Nxe4 d5 6. Nxe5 dxe4 7. Nxc6 Qg5
8. Qe2 Nf6 9. f4 Qxf4 10. Ne5+ c6 11. d4 Qh4+ 12. g3 Qh3 13. Bc4 Be6 14. Bg5
Bd6 15. O-O-O Qf5 16. Bf4 O-O 17. Rhf1 Bd5 18. Nxc6 Bxf4+ 19. Rxf4 Qe6 20. Rxf6
Bxc4 21. Rxe6 Bxe2 22. Re1 Bf3 23. Ne5 Rac8 24. c3 Rc7 25. Kd2 h6 26. Ke3 Bg2
27. d5 Rd8 28. d6 Rc5 29. Kd4 Ra5 30. d7 Kf8 31. Re2 Rxe5 32. Kxe5 Bf3 33. Rd2
e3 34. Rd4 e2 35. Rf4+ Kg8 36. Re8+ Kh7 37. Kd6 Bc6 38. Rxd8 e1=Q 39. Rh8+ Kxh8
40. d8=Q+ Kh7 41. Qc8 Qd2+ 42. Kc7 Qxb2 43. Qf5+ Kh8 44. Qc5 Kh7 45. Rf7 h5 46.
Qd4 1-0

[Event "Continental Class Ch."]
[Site "Arlington, VA"]
[Date "2011.10.08"]
[Round "4"]
[White "Yang, Darwin"]
[Black "Gurevich, Daniel"]
[Result "1-0"]
[WhiteElo "2439"]
[BlackElo "2137"]
[PlyCount "75"]
[EventDate "2011.10.??"]
[EventType "swiss"]
[EventRounds "9"]
[EventCountry "USA"]

1. d4 Nf6 2. c4 g6 3. f3 Bg7 4. e4 d6 5. Nc3 c6 6. Be3 a6 7. c5 dxc5 8. dxc5
Nbd7 9. Nge2 O-O 10. Nc1 Qc7 11. Nb3 Rd8 12. Qc2 Nf8 13. Bd3 e5 14. O-O-O Be6
15. Nd2 Qe7 16. a3 h5 17. Kb1 Kh7 18. Na4 Bh6 19. Bf2 Ne8 20. Nc4 f6 21. Na5
Bf7 22. Bc4 Ne6 23. Qb3 Rab8 24. Rxd8 Qxd8 25. Bxe6 Bxe6 26. Qxe6 Qxa5 27. Qd7+
Ng7 28. Nb6 Qb5 29. Qd6 Re8 30. Nd7 Ra8 31. Nxf6+ Kh8 32. Rd1 Qe2 33. Bg3 Bf4
34. Bxf4 exf4 35. Rd4 Qe3 36. Qe5 Qe1+ 37. Ka2 Qc1 38. Qg5 1-0

[Event "Continental Class Ch."]
[Site "Arlington, VA"]
[Date "2011.10.08"]
[Round "5"]
[White "Adu, Oladapo"]
[Black "Smarty, Sylvester"]
[Result "1/2-1/2"]
[WhiteElo "2278"]
[BlackElo "2104"]
[PlyCount "62"]
[EventDate "2011.10.??"]
[EventType "swiss"]
[EventRounds "9"]
[EventCountry "USA"]

1. e4 c5 2. Nf3 Nc6 3. d4 cxd4 4. Nxd4 Nf6 5. Nc3 d6 6. Bc4 a6 7. O-O e6 8. Bb3
Be7 9. Be3 O-O 10. f4 Qc7 11. Qf3 Na5 12. g4 Nc4 13. g5 Nd7 14. Bxc4 Qxc4 15.
f5 Bxg5 16. Bxg5 Qxd4+ 17. Kh1 Ne5 18. Qg3 exf5 19. Rad1 Qc4 20. Be7 f4 21.
Rxf4 Re8 22. Bxd6 Ng6 23. Rf3 Be6 24. Rfd3 Qc6 25. Kg1 Qb6+ 26. Qf2 Qxf2+ 27.
Kxf2 Rac8 28. R1d2 f5 29. exf5 Bxf5 30. Rf3 Bg4 31. Rg3 Be6 1/2-1/2

[Event "Continental Class Ch."]
[Site "Arlington, VA"]
[Date "2011.10.08"]
[Round "5"]
[White "Bartholomew, John"]
[Black "Denton, Bradley"]
[Result "1/2-1/2"]
[WhiteElo "2442"]
[BlackElo "2304"]
[PlyCount "91"]
[EventDate "2011.10.??"]
[EventType "swiss"]
[EventRounds "9"]
[EventCountry "USA"]

1. d4 d5 2. c4 c6 3. Nf3 Nf6 4. e3 Bg4 5. Nc3 e6 6. h3 Bxf3 7. Qxf3 Bd6 8. Bd3
Nbd7 9. O-O O-O 10. Rd1 Re8 11. g3 Qe7 12. Qg2 dxc4 13. Bxc4 e5 14. dxe5 Nxe5
15. Be2 Rad8 16. Bd2 Bc7 17. Be1 Rxd1 18. Rxd1 Rd8 19. Rxd8+ Qxd8 20. Qf1 Ned7
21. a3 Nc5 22. b4 Nce4 23. Nxe4 Nxe4 24. Qg2 Qe7 25. Qf3 Qe5 26. Bd3 Nd6 27.
Qd1 Qb2 28. a4 g6 29. Bc2 Ne8 30. Qb1 Be5 31. f4 Bc3 32. Qxb2 Bxb2 33. e4 Bd4+
34. Kf1 Nc7 35. Ke2 Kf8 36. Kd3 Bg1 37. Bb3 Ke7 38. e5 Ne6 39. Bxe6 fxe6 40. g4
c5 41. b5 Bd4 42. Bc3 Bxc3 43. Kxc3 h5 44. g5 Kd7 45. Kc4 b6 46. h4 1/2-1/2

[Event "Continental Class Ch."]
[Site "Arlington, VA"]
[Date "2011.10.08"]
[Round "5"]
[White "Burnett, Ronald"]
[Black "Kaufman, Larry C"]
[Result "0-1"]
[WhiteElo "2358"]
[BlackElo "2406"]
[PlyCount "82"]
[EventDate "2011.10.??"]
[EventType "swiss"]
[EventRounds "9"]
[EventCountry "USA"]

1. c4 g6 2. Nc3 c5 3. g3 Bg7 4. Bg2 Nc6 5. Nf3 d6 6. O-O Bf5 7. Nh4 Bd7 8. f4
e6 9. d3 Nge7 10. Bd2 O-O 11. Rb1 a6 12. Qc1 Rb8 13. Ne4 f5 14. Nf2 b5 15. Bc3
e5 16. Nf3 bxc4 17. dxc4 e4 18. Nh4 Bxc3 19. Qxc3 Qa5 20. Qxa5 Nxa5 21. b3 d5
22. cxd5 Nxd5 23. Nd3 Nc3 24. Nxc5 Bb5 25. Rb2 Rfc8 26. Ne6 Nxe2+ 27. Kf2 Nc1
28. Rd2 Bxf1 29. Bxf1 e3+ 30. Kxe3 Re8 31. Rd5 Rxe6+ 32. Kd2 Ncxb3+ 33. axb3
Nxb3+ 34. Kc3 Re3+ 35. Kc2 Rc8+ 36. Kb2 Nc5 37. Rd4 Re4 38. Rd2 Na4+ 39. Ka2
Nc3+ 40. Kb3 a5 41. Ba6 Nb1 0-1

[Event "Continental Class Ch."]
[Site "Arlington, VA"]
[Date "2011.10.08"]
[Round "5"]
[White "Collier, Philip"]
[Black "Hendrickson, Nolan"]
[Result "0-1"]
[WhiteElo "1968"]
[BlackElo "2115"]
[PlyCount "42"]
[EventDate "2011.10.??"]
[EventType "swiss"]
[EventRounds "9"]
[EventCountry "USA"]

1. d4 Nf6 2. c4 g6 3. Nc3 Bg7 4. g3 O-O 5. Bg2 d6 6. Nf3 Nc6 7. h3 e5 8. O-O
exd4 9. Nxd4 Nxd4 10. Qxd4 Be6 11. Qd3 Nd7 12. b3 Rb8 13. Rb1 Re8 14. Nd5 Bf5
15. e4 Nc5 16. Qc2 Rxe4 17. g4 Rxg4 18. Qe2 Rxg2+ 19. Kxg2 Bxb1 20. Ne7+ Kh8
21. Bg5 Bd3 0-1

[Event "Continental Class Ch."]
[Site "Arlington, VA"]
[Date "2011.10.08"]
[Round "5"]
[White "De Fotis, Gary"]
[Black "Betaneli, Aleksandr"]
[Result "1/2-1/2"]
[WhiteElo "2021"]
[BlackElo "2255"]
[PlyCount "47"]
[EventDate "2011.10.??"]
[EventType "swiss"]
[EventRounds "9"]
[EventCountry "USA"]

1. d4 d5 2. c4 e6 3. Nc3 Be7 4. cxd5 exd5 5. Bf4 Nf6 6. e3 O-O 7. Bd3 c5 8. Nf3
Nc6 9. h3 Qb6 10. Qd2 cxd4 11. exd4 Bb4 12. O-O Ne4 13. Qc2 Nxd4 14. Nxd4 Qxd4
15. Nxd5 Nf6 16. Nxf6+ Qxf6 17. Bxh7+ Kh8 18. Qe4 Be6 19. Qxb4 Kxh7 20. Bd6
Rfe8 21. Rfd1 Rac8 22. Qxb7 Rc2 23. Qxa7 Rxb2 24. Qd4 1/2-1/2